Statistiche per Paesi più popolozi A-Z

Clicka qui per fare il quiz!

Statistiche generali

  • Questo quiz è stato fatto 9.550 volte
  • Il punteggio medio è 15 su 23

Statistiche sulle risposte

PopolazionePaese% Corretto
C1.393Cina
98%
I1.335India
92%
S324Stati Uniti
88%
R142Russia
87%
B200Brasile
82%
A41Argentina
72%
Y24Yemen
72%
Q2Qatar
71%
D6Danimarca
70%
G127Giappone
69%
Z15Zambia
66%
O4Oman
65%
M122Messico
60%
H10Haiti
56%
P182Pakistan
54%
N173Nigeria
53%
F98Filippine
49%
V91Vietnam
49%
E94Etiopia
47%
T74Turchia
45%
K44Kenya
43%
L7Laos
40%
U45Ucraina
35%

Distribuzione punteggi

Percentile per numero di risposta

Percentuale di utenti per punteggio

I tuoi punteggi nel tempo

Non hai fatto questo quiz